=LDR 00000nam 2200000 4500 =001 INLIS000000000015643 =005 20130612110921 =008 ***********************************Indo** =035 ##$$0010-061300000015643 =041 ##$$a Indo =082 ##$$a 282.07 =090 ##$$a 282.07, Pen p =245 ##$$a Pendidikan Agama Katolik Untuk SLTP,Siswa IB Caturwulan II, Semakin Mengenal Yesus, Drs.Al.Soenarto S.W,T.M.Sriyono dkk =250 ##$$a 6aseri Murid-Murid Yesus =260 ##$$a 1994 $b Yogyakarta =300 ##$$a 39 hlm, ilus, 19 cm =650 ##$$a Agama (Gereja) Katolik-Studi Dan Pengajaran =850 ##$$a NBPNMAT